000 00594nam a2200205Ia 4500
005 20250508165129.0
008 008 250505s9999 xx 000 0 eng d
020 _a978-81-89524-41-8
037 _aTextual
040 _aFEDL
_beng
_cFEDL
041 _aeng
_2eng
084 _a294.5, FRY
_qFEDL
100 _aFrykenberg Robert E
_9301220
245 0 _aConstructions of hinduism: At the nexus of history and religion
260 _aNew Delhi, India
_bCritical Quest
_c2009
300 _a32p.
365 _aINR
_b25
942 _cTEXL
_h294.5, FRY
999 _c1393320
_d1393320